000 00208 a2200109 4500
020 _a9788490323052
041 _aspa
100 _aStephen King
245 _aLa historia de Lisey
942 _cBK
952 _71
999 _c24135
_d24135